Somme : into the breach (Record no. 85318)

MARC details
000 -LEADER
fixed length control field 00712 a2200253 4500
003 - CONTROL NUMBER IDENTIFIER
control field CBULib
005 - DATE AND TIME OF LATEST TRANSACTION
control field 20240909142453.0
008 - FIXED-LENGTH DATA ELEMENTS--GENERAL INFORMATION
fixed length control field 240909b |||||||| |||| 00| 0 eng d
020 ## - INTERNATIONAL STANDARD BOOK NUMBER
International Standard Book Number 9780670918386
040 ## - CATALOGING SOURCE
Language of cataloging English
Transcribing agency CBULib
Description conventions rda
041 ## - LANGUAGE CODE
Language code of text/sound track or separate title eng
050 ## - LIBRARY OF CONGRESS CALL NUMBER
Classification number D 545 Seb
100 ## - MAIN ENTRY--PERSONAL NAME
Personal name Sebag-Montefiore, Hugh
245 ## - TITLE STATEMENT
Title Somme : into the breach
Statement of responsibility, etc / by Hugh Sebag-Montefiore
260 ## - PUBLICATION, DISTRIBUTION, ETC. (IMPRINT)
Name of publisher, distributor, etc Viking,
Date of publication, distribution, etc 2016
300 ## - PHYSICAL DESCRIPTION
Extent xlvii, 607 pages : illustrations
336 ## - CONTENT TYPE
Source rdacontent
Content type term Text |
Content type code txt
337 ## - MEDIA TYPE
Source rdamedia
Media type term Unmediated |
Media type code n
338 ## - CARRIER TYPE
Source rdacarrier
Carrier type term Volume
Carrier type code nc
650 #0 - SUBJECT ADDED ENTRY--TOPICAL TERM
9 (RLIN) 3567
Topical term or geographic name as entry element SOMME
650 #0 - SUBJECT ADDED ENTRY--TOPICAL TERM
9 (RLIN) 3568
Topical term or geographic name as entry element 1st BATTLE OF THE, FRANCE
650 #0 - SUBJECT ADDED ENTRY--TOPICAL TERM
9 (RLIN) 3501
Topical term or geographic name as entry element WORLD WAR
942 ## - ADDED ENTRY ELEMENTS (KOHA)
Source of classification or shelving scheme
Koha item type MONOGRAPH
Holdings
Withdrawn status Lost status Source of classification or shelving scheme Damaged status Not for loan Collection code Permanent Location Current Location Shelving location Date acquired Source of acquisition Cost, normal purchase price Total Checkouts Full call number Barcode Date last seen Copy number Price effective from Koha item type
          CBU-Lusaka Campus CBU- LUSAKA CAMPUS CBU-MAIN LIBRARY, KITWE. General Stacks 09/09/2024 DON-BOOKAID 62.50   D 545 Seb 752168 09/09/2024 1 09/09/2024 MONOGRAPH